[Event "Eastpointe (US Am N/1a/15)"]
[Site "?"]
[Date "1994.??.??"]
[Round "?"]
[White "Gentry, Bronson"]
[Black "McCarter, Robert"]
[Result "0-1"]
[WhiteElo "1605"]
[BlackElo "1700"]
[PlyCount "120"]
[EventDate "1994.??.??"]

1. e4 c5 2. Nf3 d6 3. Bc4 e6 4. d4 cxd4 5. Qxd4 a6 6. O-O Nc6 7. Qc3 Nf6 8. Bg5
Nxe4 9. Qe3 Nxg5 10. Nxg5 Ne5 11. Bb3 Be7 12. Nf3 Nxf3+ 13. Qxf3 O-O 14. Nd2 d5
15. Qd3 Bd7 16. a4 Bf6 17. c3 b5 18. Bc2 g6 19. Rfd1 bxa4 20. Bxa4 Bxa4 21.
Rxa4 a5 22. Nf3 Qb6 23. Qc2 Rfc8 24. g3 Rab8 25. Rb1 Qb3 26. Qxb3 Rxb3 27. Rxa5
Bxc3 28. Ra2 Rcb8 29. Ng5 Bf6 30. Nh3 Rxb2 31. Raxb2 Rxb2 32. Rxb2 Bxb2 33. Kf1
f6 34. Ke2 Kf7 35. Kd3 e5 36. f3 Ke6 37. g4 Bd4 38. f4 h6 39. fxe5 fxe5 40.
Nf4+ exf4 41. Kxd4 f3 42. Ke3 d4+ 43. Kxf3 Ke5 44. h3 g5 45. Ke2 Ke4 46. Kd2
Kf3 47. Kd3 Kg3 48. h4 Kxh4 49. Kxd4 Kxg4 50. Ke3 Kg3 51. Ke2 h5 52. Kf1 Kh2
53. Kf2 g4 54. Kf1 g3 55. Ke2 g2 56. Kd3 g1=Q 57. Kc4 Qd1 58. Kc5 Qd3 59. Kc6
Qd4 60. Kc7 Qd5 0-1

[Event "Eastpointe (EDO/4/22)"]
[Site "?"]
[Date "1994.??.??"]
[Round "?"]
[White "Gentry, Bronson"]
[Black "Herzog, M."]
[Result "0-1"]
[WhiteElo "1605"]
[BlackElo "1635"]
[PlyCount "44"]
[EventDate "1994.??.??"]

{4/(22)} 1. e4 e6 2. Nf3 d5 3. exd5 exd5 4. d4 Bd6 5. c4 dxc4 6. Bxc4 h6 7. O-O
Ne7 8. Re1 O-O 9. Be3 Nf5 10. Bd2 c6 11. Qc1 Nd7 12. Bd3 Nf6 13. Nc3 Nxd4 14.
Nxd4 Bc5 15. Nf5 Qxd3 16. Nxh6+ Kh7 17. Nxf7 Rxf7 18. Rd1 Qg6 19. Kf1 Ng4 20.
Bf4 Nxh2+ 21. Bxh2 Rxf2+ 22. Ke1 Qe6+ 0-1

[Event "Eastpointe (EDO/1b/11)"]
[Site "?"]
[Date "1994.??.??"]
[Round "?"]
[White "Gentry, Bronson"]
[Black "Gaiefsky, Mike"]
[Result "0-1"]
[WhiteElo "1605"]
[BlackElo "1850"]
[PlyCount "104"]
[EventDate "1994.??.??"]

1. e4 g6 2. d4 Bg7 3. Nf3 d6 4. c4 Nf6 5. Nc3 O-O 6. Be2 Nbd7 7. Be3 c5 8. d5
Ng4 9. Bd2 Nge5 10. Nxe5 Nxe5 11. O-O f5 12. exf5 Bxf5 13. Re1 Rf7 14. Qc1 Qd7
15. Bh6 Raf8 16. Bxg7 Kxg7 17. Qe3 Bg4 18. Rf1 Bxe2 19. Qxe2 Rf4 20. b3 Rh4 21.
Ne4 Nf3+ 22. gxf3 Qh3 23. Qb2+ Kg8 24. Rfe1 Qxh2+ 25. Kf1 Qh1+ 26. Ke2 Qxf3+
27. Kd2 Rxe4 28. Rxe4 Qxe4 29. Rf1 Rf3 30. Qc2 Qd4+ 31. Ke2 Rc3 32. Qd2 Qe4+
33. Kd1 Rd3 34. Re1 Rxd2+ 35. Kxd2 Qf4+ 36. Ke2 Kf7 37. f3 Qh2+ 38. Ke3 Qxa2
39. Ke4 Qc2+ 40. Ke3 Qxb3+ 41. Kf2 Qc2+ 42. Re2 Qxe2+ 43. Kxe2 a5 44. Kd2 h5
45. Kc2 h4 46. Kb3 h3 47. f4 h2 48. f5 h1=Q 49. fxg6+ Kxg6 50. Ka4 Qb1 51. Ka3
b6 52. Ka4 Qb4# 0-1

[Event "Eastpointe (US Am N/6/35)"]
[Site "?"]
[Date "1994.??.??"]
[Round "?"]
[White "Gentry, Bronson"]
[Black "Fleshman, Justin"]
[Result "1-0"]
[WhiteElo "1605"]
[BlackElo "1605"]
[PlyCount "67"]
[EventDate "1994.??.??"]

{6/(35)} 1. e4 e5 2. Nf3 Nc6 3. Bc4 Bc5 4. d3 d6 5. Ng5 Nh6 6. Nf3 Bg4 7. Bxh6
gxh6 8. c3 Qd7 9. O-O O-O-O 10. b4 Bxf3 11. Qxf3 Bb6 12. a4 a5 13. bxa5 Nxa5
14. Qxf7 Rdf8 15. Qxd7+ Kxd7 16. Na3 Rf6 17. Bb5+ Kd8 18. Nc4 Nxc4 19. Bxc4
Rhf8 20. Ra2 c6 21. g3 Bc5 22. Rc2 Kc7 23. Kg2 Bb6 24. d4 exd4 25. cxd4 c5 26.
dxc5 Bxc5 27. Bd5 Kb6 28. Rb1+ Ka6 29. Bxb7+ Ka7 30. Bd5 Rb8 31. Rxb8 Kxb8 32.
f4 Be3 33. Rb2+ Kc7 34. Rb7+ {[Remainder illegible; 1-0, 48?]} 1-0

[Event "Eastpointe (US Am N/3/38)"]
[Site "?"]
[Date "1994.??.??"]
[Round "?"]
[White "Gentry, Bronson"]
[Black "Carpenter, George"]
[Result "0-1"]
[WhiteElo "1605"]
[BlackElo "1605"]
[PlyCount "55"]
[EventDate "1994.??.??"]

{3/(38)} 1. e4 d6 2. d4 Nf6 3. Nc3 g6 4. f4 Bg7 5. Nf3 O-O 6. Bd3 c6 7. f5 Nbd7
8. fxg6 hxg6 9. Bg5 Qc7 10. Qd2 b5 11. Bxf6 Nxf6 12. d5 a6 13. O-O-O c5 14. h4
Ng4 15. h5 Bh6 16. Qxh6 Nxh6 17. hxg6 Kg7 18. gxf7 Rxf7 19. Nh4 Bg4 20. Rde1 b4
21. Ne2 c4 22. Bxc4 Qxc4 23. b3 Qxe4 24. Ng3 Qf4+ 25. Kb1 Qxg3 26. Reg1 Rc8 27.
Nf3 Bxf3 28. gxf3 {[Remainder illegible; 0-1, 34?]} 0-1

[Event "Detroit (CAO/5/11)"]
[Site "?"]
[Date "1994.??.??"]
[Round "?"]
[White "Gentry, Bronson"]
[Black "Berry, M."]
[Result "0-1"]
[WhiteElo "1605"]
[BlackElo "1605"]
[PlyCount "69"]
[EventDate "1994.??.??"]

{5/(11)} 1. e4 Nc6 2. Nf3 e5 3. Nc3 Nf6 4. Bb5 Nd4 5. Nxd4 exd4 6. Na4 c6 7.
Bd3 b5 8. e5 Nd5 9. Nc3 dxc3 10. dxc3 Bc5 11. Bxb5 O-O 12. O-O Nc7 13. Bc4 d6
14. exd6 Bxd6 15. Qf3 Qd7 16. Bd3 Re8 17. Rd1 Ba6 18. Bxa6 Nxa6 19. Bf4 Re6 20.
b4 Rae8 21. g3 Rd8 22. Qg4 c5 23. h3 cxb4 24. Bh6 Rxh6 25. Qxd7 Rxd7 26. cxb4
Nxb4 27. Rab1 Na6 28. g4 Rd8 29. Kg2 Rf8 30. h4 Rxh4 31. Rxd6 Rxg4+ 32. Kf3 Rh4
33. c4 Nc7 34. Rc6 Ne6 35. Ke3 {[Remainder illegible; 0-1, 60?]} 0-1

[Event "Flint (MI Ch Spon/3)"]
[Site "?"]
[Date "1994.??.??"]
[Round "?"]
[White "Gegaj, T."]
[Black "Carter, T."]
[Result "0-1"]
[WhiteElo "1605"]
[BlackElo "1605"]
[PlyCount "54"]
[EventDate "1994.??.??"]

1. e4 e5 2. Nf3 Nf6 3. Nc3 Nc6 4. a4 Be7 5. Be2 d5 6. exd5 Bd7 7. dxc6 Bxc6 8.
Nxe5 Bd5 9. Nxd5 Nxd5 10. Bb5+ c6 11. Bc4 O-O 12. O-O Bd6 13. d3 Bxe5 14. Re1
Re8 15. d4 Bxd4 16. Rxe8+ Qxe8 17. Ra3 h6 18. Re3 Qf8 19. Qe1 Nf4 20. Re8 Rxe8
21. Bxf7+ Qxf7 22. Qd1 Nh3+ 23. gxh3 Qg6+ 24. Kh1 Rf8 25. Bd2 b6 26. Qc1 Bxf2
27. Bf4 Qe4# 0-1

[Event "Romulus (RVO/4/27)"]
[Site "?"]
[Date "1994.??.??"]
[Round "?"]
[White "Gatesy, Matthew"]
[Black "Rosebrook, G."]
[Result "1-0"]
[WhiteElo "1605"]
[BlackElo "1605"]
[PlyCount "71"]
[EventDate "1994.??.??"]

{4/(27)} 1. e4 c5 2. Nc3 Nc6 3. Bb5 a6 4. Bc4 e6 5. Nf3 Nf6 6. d3 h6 7. Bf4 b5
8. Bb3 c4 9. dxc4 Bb4 10. a3 Bxc3+ 11. bxc3 Nxe4 12. O-O Nxc3 13. Qd3 Qf6 14.
Bd2 Na4 15. Bxa4 bxa4 16. Bc3 e5 17. Rab1 d6 18. Qd5 Bd7 19. c5 Qe6 20. Qxe6+
Bxe6 21. cxd6 f6 22. Nh4 O-O 23. Rb7 Rad8 24. Rd1 Rd7 25. Rc7 Rfd8 26. Rxc6 Rb7
27. Ng6 Bd5 28. Ne7+ Kh7 29. Nxd5 Rdb8 30. Bb4 a5 31. g3 axb4 32. axb4 Kg6 33.
Rc7 Rxc7 34. dxc7 Ra8 35. Ne7+ Kf7 36. c8=Q 1-0

[Event "Romulus (RVO/5/21)"]
[Site "?"]
[Date "1994.??.??"]
[Round "?"]
[White "Gatesy, Matthew"]
[Black "Moore, Robert"]
[Result "0-1"]
[WhiteElo "1605"]
[BlackElo "1700"]
[PlyCount "62"]
[EventDate "1994.??.??"]

{5/(21)} 1. e4 c5 2. Nc3 d6 3. Nf3 a6 4. Bc4 e6 5. d3 Be7 6. Bf4 Nf6 7. d4 cxd4
8. Nxd4 O-O 9. O-O e5 10. Nde2 exf4 11. Nxf4 Nc6 12. Bd5 Nxd5 13. exd5 Ne5 14.
b3 Bf6 15. Nh5 Bg4 16. Qd2 Bxh5 17. Ne4 Bh4 18. g3 Nf3+ 19. Kg2 Nxd2 20. Nxd2
Bf6 21. Rae1 Bc3 22. Re4 Bxd2 23. Rh4 g6 24. a4 Qf6 25. c4 Rfe8 26. b4 Bg5 27.
Rxh5 gxh5 28. b5 axb5 29. axb5 Ra2 30. c5 dxc5 31. d6 Ree2 0-1

[Event "Gaylord (NMO/1/2)"]
[Site "?"]
[Date "1994.??.??"]
[Round "?"]
[White "Gatesy, Matthew"]
[Black "Kamberi, Sonny"]
[Result "0-1"]
[WhiteElo "1605"]
[BlackElo "2090"]
[PlyCount "76"]
[EventDate "1994.??.??"]

{1/(2)} 1. e4 e6 2. d4 d5 3. exd5 exd5 4. Qe2+ Be7 5. Nf3 Nf6 6. Nc3 O-O 7. Bg5
Nc6 8. Qd2 Re8 9. Be2 Ne4 10. Nxe4 dxe4 11. Bxe7 Rxe7 12. Ng5 Qxd4 13. Qxd4
Nxd4 14. O-O-O Nxe2+ 15. Kb1 Bg4 16. Rd2 h6 17. Nh3 Bxh3 18. gxh3 Nf4 19. Rhd1
Nxh3 20. Rd8+ Rxd8 21. Rxd8+ Kh7 22. Rd2 Kg6 23. Re2 Kf5 24. f3 e3 25. a4 Kf4
26. b4 Kxf3 27. Re1 Kf2 28. Rc1 e2 29. a5 e1=Q 30. Rxe1 Kxe1 31. b5 f5 32. c4
Re2 33. c5 f4 34. b6 cxb6 35. axb6 axb6 36. cxb6 f3 37. Kc1 f2 38. Kb1 f1=R 0-1

[Event "Gaylord (NMO/3/7)"]
[Site "?"]
[Date "1994.??.??"]
[Round "?"]
[White "Gatesy, Matthew"]
[Black "Jones, W."]
[Result "0-1"]
[WhiteElo "1605"]
[BlackElo "1620"]
[PlyCount "100"]
[EventDate "1994.??.??"]

{3/(7)} 1. e4 e5 2. Nf3 Nc6 3. Bb5 a6 4. Bc4 Nf6 5. Nc3 Bc5 6. d3 O-O 7. Bg5 d6
8. Nd5 Bg4 9. Nxf6+ gxf6 10. Bh6 Re8 11. h3 Be6 12. Bxe6 Rxe6 13. Nh4 f5 14.
Nxf5 Rxh6 15. Qg4+ Rg6 16. Nh6+ Kf8 17. Qh5 Nd4 18. O-O-O Qg5+ 19. Qxg5 Rxg5
20. g3 Ke7 21. f4 exf4 22. gxf4 Rg2 23. Rhg1 Ne2+ 24. Kd2 Nxg1+ 25. Kc1 Ne2+
26. Kb1 Nd4 27. c3 Ne6 28. f5 Nf4 29. d4 Ba7 30. e5 dxe5 31. dxe5 Rd8 32. f6+
Ke8 33. Re1 Rxb2+ 34. Kxb2 Nd3+ 35. Kb1 Nxe1 36. e6 fxe6 37. f7+ Kf8 38. a4 Nd3
39. a5 Ne5 40. h4 Nxf7 41. Nxf7 Kxf7 42. h5 Rd2 43. Kc1 Be3 44. h6 Kf6 45. c4
Ke5 46. c5 Kd4 47. c6 bxc6 48. Kb1 Kc3 49. Kc1 Kb3 50. Kb1 Rd1# 0-1

[Event "Romulus (RVO/2/22)"]
[Site "?"]
[Date "1994.??.??"]
[Round "?"]
[White "Gatesy, Matthew"]
[Black "Barta, Roger"]
[Result "0-1"]
[WhiteElo "1605"]
[BlackElo "1605"]
[PlyCount "82"]
[EventDate "1994.??.??"]

{2/(22)} 1. e4 e6 2. Nf3 d5 3. exd5 exd5 4. d4 Nf6 5. Bb5+ c6 6. Bd3 Be7 7. Nc3
O-O 8. O-O Bg4 9. Bf4 Nbd7 10. Na4 Re8 11. h3 Bh5 12. Re1 Nf8 13. Nc5 Bxc5 14.
Rxe8 Qxe8 15. dxc5 Ne6 16. Bd6 Ne4 17. Be2 Nxd6 18. cxd6 Qd7 19. Ne5 Qxd6 20.
Bxh5 Qxe5 21. Qf3 Ng5 22. Qg4 g6 23. h4 Ne6 24. Kf1 Qxh5 25. Qb4 Qe5 26. Re1
Qc7 27. g3 c5 28. Qc3 d4 29. Qd3 Qc6 30. c3 Re8 31. cxd4 Qh1+ 32. Ke2 Nf4+ 33.
Kd2 Qxe1+ 34. Kc2 Nxd3 35. Kxd3 Qe2+ 36. Kc3 cxd4+ 37. Kxd4 Rd8+ 38. Kc3 Qd2+
39. Kb3 Qd3+ 40. Kb4 Rd4+ 41. Kc5 Qc4# 0-1

[Event "Grand Rapids (MI Am/2/6)"]
[Site "?"]
[Date "1994.??.??"]
[Round "?"]
[White "Gatchalian, F."]
[Black "Velasquez, A."]
[Result "0-1"]
[WhiteElo "1910"]
[BlackElo "1645"]
[PlyCount "92"]
[EventDate "1994.??.??"]

{2/(6)} 1. Nf3 Nf6 2. c4 c5 3. Nc3 Nc6 4. d4 cxd4 5. Nxd4 g6 6. e4 Bg7 7. Be3
d6 8. Be2 O-O 9. O-O a6 10. Nb3 Bd7 11. f3 Rb8 12. a4 Qc7 13. a5 Rbc8 14. Na4
Be6 15. Nb6 Rb8 16. Qd2 Rfd8 17. Rac1 Ne5 18. Nd5 Qd7 19. Ba7 Bxd5 20. Bxb8
Bxe4 21. Ba7 Bf5 22. Nd4 Rc8 23. Rfd1 h5 24. Nxf5 Qxf5 25. Be3 h4 26. Bf2 h3
27. g4 Nxf3+ 28. Bxf3 Qxf3 29. Bg3 Ne4 30. Rf1 Qxf1+ 31. Rxf1 Nxd2 32. Rd1 Bd4+
33. Bf2 Nf3+ 34. Kf1 Bxf2 35. Kxf2 Nxh2 36. Kg3 Nxg4 37. Kxg4 Rxc4+ 38. Kxh3 f5
39. Rd5 Kf7 40. Rd3 g5 41. b3 Rc2 42. Kg3 Kg6 43. Kh3 Kh5 44. Kg3 e5 45. Rxd6
g4 46. Rd2 Rxd2 0-1

[Event "Grand Rapids (MI Am/4/11)"]
[Site "?"]
[Date "1994.??.??"]
[Round "?"]
[White "Gatchalian, F."]
[Black "Meyer, A."]
[Result "1/2-1/2"]
[WhiteElo "1910"]
[BlackElo "1605"]
[PlyCount "90"]
[EventDate "1994.??.??"]

{4/(11)} 1. Nf3 g6 2. c4 c5 3. Nc3 Nf6 4. d4 Bg7 5. d5 d6 6. h3 Bf5 7. Nh4 Qc8
8. a4 O-O 9. a5 Na6 10. g4 Bxg4 11. hxg4 Nxg4 12. Bh3 f5 13. e4 Ne5 14. exf5
Qe8 15. fxg6 Nxg6 16. Be6+ Kh8 17. Qh5 Nxh4 18. Qxh4 Qg6 19. Ne4 Nb4 20. Kd1
Nd3 21. Ra3 Qxe4 22. Qxe4 Nxf2+ 23. Ke1 Nxe4 24. Rah3 Nf6 25. Bg5 h6 26. Bxh6
Bxh6 27. Rxh6+ Kg7 28. R6h4 Nxd5 29. cxd5 b5 30. Rh7+ Kf6 31. Rf1+ Ke5 32. Rxe7
Rxf1+ 33. Kxf1 b4 34. Ke2 Kd4 35. Rf7 Kc4 36. Rd7 Kb5 37. Rxd6 Kxa5 38. Rc6 Kb5
39. Rc8 Rxc8 40. Bxc8 c4 41. Kd2 Kc5 42. Be6 a5 43. d6 c3+ 44. bxc3 bxc3+ 45.
Kxc3 Kxd6 1/2-1/2

[Event "Detroit (Class A/2/4)"]
[Site "?"]
[Date "1994.??.??"]
[Round "?"]
[White "Gatchalian, F."]
[Black "Levadi, David"]
[Result "1/2-1/2"]
[WhiteElo "1875"]
[BlackElo "1930"]
[PlyCount "76"]
[EventDate "1994.??.??"]

{2/(4)} 1. Nf3 Nf6 2. c4 c5 3. Nc3 Nc6 4. e4 e5 5. b3 d6 6. Bb2 g6 7. d3 Bh6 8.
h3 Nh5 9. Nd5 Ne7 10. Bc1 Bxc1 11. Qxc1 Nxd5 12. cxd5 Qa5+ 13. Kd1 h6 14. g3
Bd7 15. Nd2 Qd8 16. Be2 Ng7 17. Nc4 Bb5 18. Qd2 Bxc4 19. dxc4 Qe7 20. Qa5 O-O
21. Qd2 Kh7 22. Kc2 a5 23. a4 Ne8 24. Raf1 Nc7 25. f4 Na6 26. f5 Nb4+ 27. Kb1
Qg5 28. Qxg5 hxg5 29. h4 g4 30. h5 g5 31. f6 Kh6 32. Kc1 b6 33. Kd2 Rg8 34.
Bxg4 Ra7 35. Rf5 Na6 36. Be2 Raa8 37. Ke3 Nc7 38. Kf3 Na6 1/2-1/2

[Event "Detroit (Class A/3/5)"]
[Site "?"]
[Date "1994.??.??"]
[Round "?"]
[White "Gatchalian, F."]
[Black "Gipson, John"]
[Result "1-0"]
[WhiteElo "1875"]
[BlackElo "1930"]
[PlyCount "157"]
[EventDate "1994.??.??"]

{3/(5)} 1. Nf3 d5 2. c4 c6 3. b3 Nf6 4. Bb2 e6 5. g3 Bd6 6. Bg2 Nbd7 7. O-O O-O
8. d3 Re8 9. Nbd2 e5 10. e4 d4 11. Qc2 a5 12. a3 b6 13. Nh4 Nf8 14. h3 Bd7 15.
Nf5 Bc5 16. Qd1 Qc8 17. g4 Ng6 18. g5 Bxf5 19. exf5 Nf4 20. gxf6 Nxg2 21. Kxg2
Qxf5 22. Ne4 gxf6 23. Qg4+ Qxg4+ 24. hxg4 Be7 25. Rh1 Kh8 26. Rh5 Rg8 27. f3
Rg6 28. Rah1 h6 29. Rxh6+ Rxh6 30. Rxh6+ Kg7 31. Rh5 a4 32. Ng3 Bxa3 33. Nf5+
Kg8 34. Bxa3 c5 35. Kg3 axb3 36. Bb2 Ra2 37. Rh2 Ra5 38. Nd6 Kf8 39. Nb5 Ra2
40. Re2 Kg7 41. Kf2 Kg6 42. Ke1 f5 43. gxf5+ Kxf5 44. Kd1 Kf4 45. Kc1 f6 46.
Nc7 Kxf3 47. Kd1 f5 48. Nd5 e4 49. Nxb6 Ra6 50. Nd7 Ra5 51. Re1 e3 52. Rf1+ Kg4
53. Nf6+ Kg5 54. Nd5 Ra2 55. Kc1 Kg4 56. Nf4 Kg3 57. Ne2+ Kg4 58. Kb1 Ra6 59.
Nc1 f4 60. Nxb3 f3 61. Nxc5 f2 62. Ne4 e2 63. Nxf2+ Kf3 64. Rc1 Kxf2 65. Bxd4+
Kf3 66. Kb2 Rd6 67. Kc3 Ra6 68. Kb4 Ra2 69. Bc3 Ke3 70. d4 Ra8 71. c5 Rf8 72.
d5 Rf5 73. d6 Rd5 74. Re1 Kd3 75. Kb5 Ke3 76. Kc6 Rd3 77. d7 Kf2 78. Ba5 Rd1
79. Rxe2+ 1-0

[Event "Detroit (MCO/A/6/3)"]
[Site "?"]
[Date "1994.??.??"]
[Round "?"]
[White "Garrison, Ray"]
[Black "Yavari, P."]
[Result "1-0"]
[WhiteElo "1915"]
[BlackElo "1985"]
[PlyCount "58"]
[EventDate "1994.??.??"]

{6/(3)} 1. d4 Nf6 2. Nf3 g6 3. Bf4 Bg7 4. Nbd2 O-O 5. e3 d6 6. h3 c5 7. c3 Nc6
8. Bc4 a6 9. a4 cxd4 10. exd4 Qc7 11. O-O b6 12. Re1 Bb7 13. Ng5 h6 14. Ngf3
Rad8 15. Nf1 Nh5 16. Bh2 e5 17. Nh4 Kh7 18. Bd3 Kg8 19. Ne3 Ne7 20. Nef5 Nxf5
21. Nxf5 Nf4 22. Bxf4 exf4 23. Ne7+ Kh8 24. Bxg6 fxg6 25. Nxg6+ Kh7 26. Re7 Qc6
27. Nxf8+ Rxf8 28. Qd3+ Kh8 29. Qg6 Rf6 1-0

[Event "Gaylord (NMO/3/6)"]
[Site "?"]
[Date "1994.??.??"]
[Round "?"]
[White "Garrison, Ray"]
[Black "Vangilder, W."]
[Result "1-0"]
[WhiteElo "1915"]
[BlackElo "1605"]
[PlyCount "85"]
[EventDate "1994.??.??"]

{3/(6)} 1. e4 Nc6 2. d4 d5 3. exd5 Qxd5 4. Nf3 Bg4 5. c4 Qe4+ 6. Be3 Nb4 7.
Qa4+ Nc6 8. Nc3 Qf5 9. Ne5 Nf6 10. Nxc6 Qd7 11. Ne5 Qxa4 12. Nxa4 e6 13. Bg5
Bb4+ 14. Nc3 Ne4 15. Bd2 Nxd2 16. Kxd2 Bf5 17. a3 Bd6 18. Bd3 Bxd3 19. Nxd3 O-O
20. Nb5 Rfd8 21. Kc3 Be7 22. a4 a6 23. Na3 Bf6 24. Nc2 b6 25. Rad1 c5 26. Nc1
cxd4+ 27. Nxd4 b5 28. axb5 axb5 29. c5 Rac8 30. b4 Ra8 31. Nce2 Ra3+ 32. Kb2
Rda8 33. Ra1 Rxa1 34. Rxa1 Rxa1 35. Kxa1 e5 36. c6 exd4 37. c7 d3+ 38. Kb1 g6
39. c8=Q+ Kg7 40. Nf4 d2 41. Kc2 Be5 42. Nd5 h5 43. Kxd2 1-0

[Event "Detroit (MCO/A/3b/2)"]
[Site "?"]
[Date "1994.??.??"]
[Round "?"]
[White "Garrison, Ray"]
[Black "Vandivier, Don"]
[Result "0-1"]
[WhiteElo "1915"]
[BlackElo "1985"]
[PlyCount "99"]
[EventDate "1994.??.??"]

1. d4 d5 2. Nf3 Nf6 3. Bf4 e6 4. Nbd2 c5 5. c3 Nc6 6. e3 h6 7. h4 Bd6 8. Ne5
Bxe5 9. dxe5 Nd7 10. Qg4 g6 11. Nf3 Qa5 12. Bd3 d4 13. exd4 cxd4 14. Bxg6 fxg6
15. Qxe6+ Kd8 16. O-O-O Re8 17. Qd6 Qxa2 18. Nxd4 Nxd4 19. Rxd4 Qe6 20. Qb4 a5
21. Qb5 Qc6 22. Qe2 Qa6 23. Qd2 Qe6 24. Rd1 Ke7 25. Rd6 Qf5 26. e6 Nc5 27. Rb6
Bxe6 28. Rxe6+ Qxe6 29. Bd6+ Kf7 30. Bxc5 Rad8 31. Qf4+ Qf6 32. Qc7+ Kg8 33.
Bd4 Qf7 34. Qxa5 Ra8 35. Qb4 Re2 36. Rd2 Ra1+ 37. Kc2 Qf5+ 38. Kb3 Qd5+ 39. c4
Qe4 40. Rxe2 Qxe2 41. Qxb7 Qd1+ 42. Kc3 Rc1+ 43. Kb4 Qxd4 44. Qb8+ Kf7 45. Qc7+
Ke6 46. Qc6+ Qd6+ 47. Qxd6+ Kxd6 48. Kb5 Rc2 49. b4 Kc7 50. c5 0-1

[Event "Detroit (Class A/3/7)"]
[Site "?"]
[Date "1994.??.??"]
[Round "?"]
[White "Garrison, Ray"]
[Black "Smith, Mike A"]
[Result "1-0"]
[WhiteElo "1955"]
[BlackElo "1880"]
[PlyCount "101"]
[EventDate "1994.??.??"]

{3/(7)} 1. e4 c6 2. d4 d5 3. exd5 cxd5 4. Bd3 Nc6 5. c3 Nf6 6. Bf4 Bg4 7. Qb3
Qd7 8. Nd2 e6 9. Ngf3 Bd6 10. Bxd6 Qxd6 11. Ng5 Rb8 12. Qc2 h6 13. Ngf3 O-O 14.
h3 Bxf3 15. Nxf3 Rfc8 16. Qe2 Na5 17. Ne5 Nd7 18. f4 Nxe5 19. fxe5 Qe7 20. O-O
Nc4 21. Rf4 b5 22. Raf1 Rc7 23. R1f3 b4 24. Rxf7 Qxf7 25. Rxf7 Rxf7 26. cxb4
Rxb4 27. b3 Na5 28. Qh5 Kf8 29. Qg4 Re7 30. Qf4+ Ke8 31. Qd2 Nc6 32. Qc3 Rb6
33. a4 Nd8 34. Bb5+ Kf8 35. Qc8 Kf7 36. Qxd8 Rbb7 37. Qa5 Rbc7 38. Qd2 Kg8 39.
Bd3 Rc6 40. Qa5 Rec7 41. Kh2 Rc3 42. b4 g5 43. b5 Rc1 44. Qd2 Ra1 45. Qa5 Rac1
46. Qa6 Rd1 47. Qxe6+ Rf7 48. Bg6 Rdf1 49. Bxf7+ Rxf7 50. Qe8+ Kg7 51. Qe6 1-0

[Event "Gaylord (NMO/4/3)"]
[Site "?"]
[Date "1994.??.??"]
[Round "?"]
[White "Garrison, Ray"]
[Black "Smalec, John"]
[Result "0-1"]
[WhiteElo "1915"]
[BlackElo "1700"]
[PlyCount "72"]
[EventDate "1994.??.??"]

{4/(3)} 1. d4 e6 2. Nf3 f5 3. g4 fxg4 4. Ne5 Nf6 5. Rg1 Be7 6. Nxg4 c5 7. e4 d6
8. Bb5+ Bd7 9. Bd3 Nc6 10. Nxf6+ Bxf6 11. e5 dxe5 12. Qh5+ Ke7 13. Bg5 Kd6 14.
dxc5+ Kc7 15. Nc3 Nd4 16. O-O-O Rc8 17. Nb5+ Bxb5 18. Bxb5 Bxg5+ 19. Rxg5 Qe7
20. Rxe5 Nxb5 21. a4 Qf6 22. axb5 Qf4+ 23. Kb1 Kb8 24. Rxe6 g6 25. Qd5 Qf8 26.
Qe5+ Ka8 27. Rd7 Qxc5 28. Qxc5 Rxc5 29. Rxh7 Rhc8 30. c3 g5 31. b6 Rf5 32. c4
axb6 33. Rxb6 Rb8 34. b4 Rxf2 35. c5 Rd8 36. Rh8 Rxh8 0-1

[Event "Detroit (Class A/5/2)"]
[Site "?"]
[Date "1994.??.??"]
[Round "?"]
[White "Garrison, Ray"]
[Black "Poenisch, Volker"]
[Result "1-0"]
[WhiteElo "1955"]
[BlackElo "1825"]
[PlyCount "55"]
[EventDate "1994.??.??"]

{5/(2)} 1. e4 e5 2. f4 exf4 3. Bc4 Nf6 4. Nc3 Nxe4 5. Nf3 Nxc3 6. dxc3 d5 7.
Bxd5 Qe7+ 8. Kf2 Qc5+ 9. Qd4 Qxd4+ 10. cxd4 c6 11. Re1+ Be7 12. Bc4 b5 13. Bxf4
Kd8 14. Ne5 bxc4 15. Nxf7+ Ke8 16. Nxh8 Kf8 17. Re3 g5 18. Rae1 Bf5 19. Bxb8
Rxb8 20. Rxe7 Bxc2 21. Rxa7 Kg8 22. Nf7 Rf8 23. Ree7 Bg6 24. Ke3 Bxf7 25. Rxf7
Rxf7 26. Rxf7 Kxf7 27. a4 c3 28. bxc3 1-0

[Event "Gaylord (NMO/1/5)"]
[Site "?"]
[Date "1994.??.??"]
[Round "?"]
[White "Garrison, Ray"]
[Black "O'Dell, Ray"]
[Result "0-1"]
[WhiteElo "1915"]
[BlackElo "1605"]
[PlyCount "106"]
[EventDate "1994.??.??"]

{1/(5)} 1. e4 e5 2. f4 Nf6 3. Nc3 d5 4. Nf3 Bg4 5. Be2 Bxf3 6. Bxf3 d4 7. Ne2
Nc6 8. d3 Bb4+ 9. c3 Ba5 10. O-O O-O 11. fxe5 Nxe5 12. cxd4 Bb6 13. Kh1 Nxf3
14. Rxf3 Bxd4 15. Bg5 h6 16. Nxd4 hxg5 17. Nf5 Ng4 18. Qe1 Ne5 19. Qc3 Qf6 20.
Nh6+ Qxh6 21. Qxe5 g4 22. Rg3 Rfe8 23. Qxc7 Rac8 24. Qxc8 Rxc8 25. Rf1 Rc1 26.
Rg1 Rxg1+ 27. Kxg1 Qc1+ 28. Kf2 Qxb2+ 29. Ke3 a5 30. Rxg4 Qxa2 31. Rg5 Qb2 32.
Kf3 a4 33. h4 a3 34. h5 a2 35. h6 Qf6+ 36. Rf5 Qxf5+ 37. exf5 a1=Q 38. g4 Qh1+
39. Kg3 Qxh6 40. d4 Qe3+ 41. Kh4 Qxd4 42. Kh5 Qd5 43. Kh4 b5 44. Kg3 b4 45. Kh4
Qh1+ 46. Kg5 b3 47. f6 Qh6+ 48. Kf5 Qxf6+ 49. Ke4 b2 50. g5 Qg6+ 51. Kf4 b1=Q
52. Kg4 Qbe4+ 53. Kg3 Qxg5+ 0-1

[Event "Detroit (MCO/A/1b/1)"]
[Site "?"]
[Date "1994.??.??"]
[Round "?"]
[White "Garrison, Ray"]
[Black "Lou, M."]
[Result "0-1"]
[WhiteElo "1915"]
[BlackElo "1990"]
[PlyCount "70"]
[EventDate "1994.??.??"]

1. d4 d5 2. Nf3 Nf6 3. Bf4 Bf5 4. c3 e6 5. Qb3 Qc8 6. h3 Bd6 7. Bxd6 cxd6 8.
Nh4 Be4 9. f3 Bxb1 10. Rxb1 g5 11. Nf5 exf5 12. h4 g4 13. g3 Nc6 14. Bg2 Qd7
15. O-O O-O-O 16. fxg4 Ne4 17. Qc2 fxg4 18. Rf4 Kb8 19. Rbf1 Rdf8 20. Bxe4 dxe4
21. Qxe4 d5 22. Qf5 Qxf5 23. Rxf5 Re8 24. R1f2 Re3 25. Rxd5 Rxg3+ 26. Kf1 Nd8
27. Re5 Rh3 28. Rf6 Rxh4 29. Kg2 Rg8 30. e4 g3 31. Rd6 Rh2+ 32. Kg1 Rxb2 33. a4
g2 34. Rxd8+ Rxd8 35. Rg5 Rc8 0-1

[Event "Detroit (Class A/1/5)"]
[Site "?"]
[Date "1994.??.??"]
[Round "?"]
[White "Garrison, Ray"]
[Black "Gatchalian, F."]
[Result "0-1"]
[WhiteElo "1955"]
[BlackElo "1875"]
[PlyCount "94"]
[EventDate "1994.??.??"]

{1/(5)} 1. e4 c5 2. Nc3 Nc6 3. g3 Nf6 4. Bg2 d6 5. d3 g6 6. Be3 Bg7 7. f4 Ng4
8. Bd2 Bd4 9. Nh3 Rb8 10. Qc1 a6 11. Ne2 Bg7 12. O-O Nd4 13. Nxd4 Bxd4+ 14. Kh1
O-O 15. f5 Bg7 16. Rf4 Ne5 17. Rh4 f6 18. Bh6 Rf7 19. Bxg7 Rxg7 20. Rf4 g5 21.
Rf1 h5 22. Qd1 Rh7 23. c3 Qb6 24. Qe2 Bd7 25. a4 Kf7 26. Ng1 g4 27. Qd2 h4 28.
gxh4 Rxh4 29. Rfe1 Rbh8 30. h3 gxh3 31. Bxh3 Rxh3+ 32. Nxh3 Rxh3+ 33. Kg2 Rh2+
34. Kxh2 Nf3+ 35. Kg3 Nxd2 36. Re2 Qxb2 37. Rh1 Qxc3 38. Kf2 Qxd3 39. Re3 Nxe4+
40. Kf3 Ng5+ 41. Kf2 Qxf5+ 42. Ke2 Bxa4 43. Ke1 Qb1+ 44. Kf2 Qxh1 45. Kg3 Qh3+
46. Kf4 e5+ 47. Rxe5 dxe5# 0-1

[Event "Detroit (MCO/A/5/6)"]
[Site "?"]
[Date "1994.??.??"]
[Round "?"]
[White "Garrison, Ray"]
[Black "Bauerle, Paul"]
[Result "1-0"]
[WhiteElo "1915"]
[BlackElo "1950"]
[PlyCount "59"]
[EventDate "1994.??.??"]

{5/(6)} 1. e4 e6 2. c4 Nc6 3. d4 d5 4. exd5 exd5 5. Nf3 Bb4+ 6. Nc3 Nge7 7. c5
b6 8. cxb6 axb6 9. Bd3 O-O 10. O-O Bf5 11. Bxf5 Nxf5 12. Qc2 Nfxd4 13. Qd3
Nxf3+ 14. Qxf3 Nd4 15. Qg4 Bxc3 16. bxc3 Ne6 17. Rd1 Qf6 18. Rd3 Rfd8 19. Bb2
Nc5 20. Rf3 Qe6 21. Qb4 Rxa2 22. Re3 Rxa1+ 23. Bxa1 Ra8 24. Qb2 Qg4 25. h3 Qd1+
26. Kh2 h6 27. Qb5 Rxa1 28. Qe8+ Kh7 29. Qxf7 Ra8 30. Qxc7 $138 1-0

[Event "Novi (MI Women/3/7)"]
[Site "?"]
[Date "1994.??.??"]
[Round "?"]
[White "Garrett, J."]
[Black "Zarzycki, Amanda"]
[Result "0-1"]
[WhiteElo "1605"]
[BlackElo "1605"]
[PlyCount "54"]
[EventDate "1994.??.??"]

{3/(7)} 1. e4 e5 2. Nf3 Nc6 3. Nc3 Bc5 4. d3 Nd4 5. Bg5 Ne7 6. Be3 O-O 7. Nxe5
d6 8. Nf3 Bb4 9. Bxd4 Ng6 10. a3 Ba5 11. b4 Bb6 12. Be3 Ne5 13. Bg5 Qe8 14. d4
Nxf3+ 15. Qxf3 Bxd4 16. Bb5 Qe6 17. e5 Qxe5+ 18. Be2 Qxg5 19. Bd3 Bxc3+ 20. Kf1
Bxa1 21. Qh3 f5 22. g3 Qf6 23. g4 b5 24. gxf5 Bb7 25. Rg1 Rae8 26. Qg3 Qe7 27.
f6 Qe1# 0-1